| 000 | 01708nam a2200361 i 4500 | ||
|---|---|---|---|
| 999 |
_c24569 _d24569 |
||
| 001 | vtls004789641 | ||
| 003 | NUKAT | ||
| 005 | 20211124115532.0 | ||
| 007 | cr an nnnanaaa | ||
| 008 | 200120s2019 pl a f u |000 0 pol c | ||
| 020 | _a9788382041705 | ||
| 035 | _axx004789641 | ||
| 039 | 9 |
_a202002031237 _bagh _c202001210141 _dVLOAD _c202001201405 _dvpp |
|
| 040 |
_aPOZN 31/EG _bpol _erda _cPOZN 31/EG _dPOZN 31/AK |
||
| 041 | 1 |
_apol _heng |
|
| 245 | 0 | 0 |
_aAtmosfery wybuchowe - Część 18: Zabezpieczenie urządzeń za pomocą hermetyzacji "m" = _bExplosive atmospheres - Part 18: Equipment protection by encapsulation "m" PN-EN 60079-18:2015-06P / _cPolski Komitet Normalizacyjny. |
| 246 | 1 | 3 | _aPN-EN 60079-18 |
| 246 | 1 | 3 | _aICS 29.260.20 |
| 246 | 1 | 3 | _aPolska Norma |
| 246 | 1 | 3 | _aExplosive atmospheres - Part 18: Equipment protection by encapsulation "m" |
| 260 |
_aWarszawa : _bPolski Komitet Normalizacyjny, _ccopyright 2019. |
||
| 300 |
_a2, 35 stron : _bilustracje ; _c30 cm. |
||
| 336 |
_aTekst _btxt _2rdacontent |
||
| 337 |
_aKomputer _bc _2rdamedia |
||
| 338 |
_aDokument online _bcr _2rdacarrier |
||
| 500 | _aNorma Europejska EN 60079-18:2015 [...] ma status Polskiej Normy. | ||
| 504 | _aBibliografia na stronie 35. | ||
| 590 | _aWprowadza EN 60079-18:2015, IDT ; IEC 60079-18:2014, IDT ; Zastępuje PN-EN 60079-18:2011 ; Zatwierdzona przez Prezesa PKN 11 czerwca 2015 r. | ||
| 590 | _aStatus: aktualna. | ||
| 710 | 2 |
_aPolska. _bPolski Komitet Normalizacyjny. _eInstytucja sprawcza _eWydawca _4pbl _91107 |
|
| 920 | _a978-83-8204-170-5 | ||
| 942 |
_2ddc _cBK |
||